Instrumental Method of Analysis (Record no. 13465)

MARC details
000 -LEADER
fixed length control field 00389nam a22001577a 4500
003 - CONTROL NUMBER IDENTIFIER
control field OSt
008 - FIXED-LENGTH DATA ELEMENTS--GENERAL INFORMATION
fixed length control field 250430b |||||||| |||| 00| 0 eng d
020 ## - INTERNATIONAL STANDARD BOOK NUMBER
International Standard Book Number 9789391910877
082 ## - DEWEY DECIMAL CLASSIFICATION NUMBER
Classification number 543 NAI
100 ## - MAIN ENTRY--PERSONAL NAME
Personal name Nalini, C.N
245 ## - TITLE STATEMENT
Title Instrumental Method of Analysis
260 ## - PUBLICATION, DISTRIBUTION, ETC. (IMPRINT)
Place of publication, distribution, etc Hyderabad
Name of publisher, distributor, etc PharmaMed
Date of publication, distribution, etc 2024
300 ## - PHYSICAL DESCRIPTION
Extent 268
650 ## - SUBJECT ADDED ENTRY--TOPICAL TERM
Topical term or geographic name as entry element Instrumental Method of Analysis
942 ## - ADDED ENTRY ELEMENTS (KOHA)
Source of classification or shelving scheme Dewey Decimal Classification
Koha item type Text Books
Holdings
Withdrawn status Lost status Source of classification or shelving scheme Damaged status Not for loan Collection code Home library Current library Date acquired Source of acquisition Currency Cost, normal purchase price Bill Number Total Checkouts Full call number Acc. no. / Barcode Date last seen Actual Cost, discounted price Bill Date Koha item type Date last borrowed
    Dewey Decimal Classification     B.Pharma PIET C-LIBRARY PIET C-LIBRARY 22/04/2025 Zafaa Books Distributres Rs 375.00 ZBD0062   543 NAI BP2785 30/04/2025 281.25 19/04/2025 Reference Books  
    Dewey Decimal Classification     B.Pharma PIET C-LIBRARY PIET C-LIBRARY 22/04/2025 Zafaa Books Distributres Rs 375.00 ZBD0062 4 543 NAI BP2786 23/05/2026 281.25 19/04/2025 Text Books 22/05/2026
    Dewey Decimal Classification     B.Pharma PIET C-LIBRARY PIET C-LIBRARY 22/04/2025 Zafaa Books Distributres Rs 375.00 ZBD0062 6 543 NAI BP2787 05/06/2026 281.25 19/04/2025 Text Books 30/04/2026
    Dewey Decimal Classification     B.Pharma PIET C-LIBRARY PIET C-LIBRARY 22/04/2025 Zafaa Books Distributres Rs 375.00 ZBD0062 5 543 NAI BP2788 23/05/2026 281.25 19/04/2025 Text Books 12/05/2026
    Dewey Decimal Classification     B.Pharma PIET C-LIBRARY PIET C-LIBRARY 22/04/2025 Zafaa Books Distributres Rs 375.00 ZBD0062 5 543 NAI BP2789 23/05/2026 281.25 19/04/2025 Text Books 19/05/2026

Design & Developed by: PIET Central Library
R70 Miles Stone Pattikalyana Samalkha Panipat 132102
mail ID :- [email protected], Phone No:- 0180-2569700 Ex.216